| 000 | 00758nam a2200229Ia 4500 | ||
|---|---|---|---|
| 003 | GCL | ||
| 008 | 140319s9999 xx 000 0 ara d | ||
| 040 |
_aGCL / _cGCL |
||
| 082 | 0 | 4 |
_aم _b122.3 _bا.م |
| 100 | 1 | _aاحمد بن محمد طاحون | |
| 245 | 1 | 0 |
_aمرشد الدعاة الى الله: دراسة وتطبيق, ط5 / _cاحمد بن محمد طاحون |
| 260 |
_a[S.N] : _bمكتبة التراث الاسلامى ، _c1992 |
||
| 300 | _a359 ص | ||
| 490 |
_aشكاوى المصرى الفصيح _v0 |
||
| 650 | 0 | 4 | _aالاخلاق الاسلامية |
| 650 | 0 | 4 | _aالصلاة |
| 650 | 0 | 4 | _aالصيام |
| 650 | 0 | 4 | _aالزكاة |
| 650 | 0 | 4 | _aالادعية |
| 650 | 0 | 4 | _aالابتهالات الدينية |
| 942 |
_2ddc _cREF |
||
| 999 |
_c59229 _d59229 |
||